000
00268nam a2200097Ia 4500
001
1251271
005
20251031150912.0
008
251031s9999 xx 000 0 und d
245
0
_c
JOE O'BRIEN
_a
O-1 ALFİE GREEN VE KURBAĞA DOLU KÜVET
260
_b
YEDİVEREN YAYINLARI
999
_c
1251271
_d
1251271